01949nam a2200361 a 4500001001000000003000900010005001700019007000300036008004100039040002500080082002200105100003300127245009900160260004500259300002100304500007300325504003200398590008000430590002600510600008200536650004500618651006700663651004700730700005000777910004100827942001400868952012200882952012201004952012201126952019001248952013201438999001701570000027204DO-SdBNP20250204092151.0ta110330s1971 dr 000 0bspa d aDO-SdBNPbspacBNPHU 4a928.61bG887r2221 aRoca Friedheim, Frank95426810aAspectos de la vida de Eliseo Grullón /cFrank Roca Friedheim ; prólogo Julio Jaime Julia. aSanto Domingo :bAmigo del hogar,c1971. a127 p. ;c21 cm. aIncluye referencias bibliográficas y notas al pie de las páginas aBibliografía: p. 119-122 a Perteneció a la biblioteca personal de Juan Isidro Jiménes Grullón.  aInventariado, 2020/BT14aGrullón Julia, Eliseo, d1852-1915vCorrespondencias, memorias, etc.982153 4aAutores dominicanosvBiografías954270 4aRepública DominicanaxPolítica y gobiernoy1844-193096961 4aRepública DominicanavBiografías910831 aJulia, Julio Jaimed1922-1993epról.920185 aValidado. Control de calidad MMOLINA 2ddccLBS1 00102ddc56708DSaBNPHUbBNPHUcHDd2011-03-30oBNPHU DS 928.61 G887rp27204-30r2020-06-25te.3w2020-06-25yLBS1 00102ddc56708DSaBNPHUbBNPHUcHDd2011-03-30oBNPHU DS 928.61 G887rp27204-40r2020-06-25te.4w2020-06-25yLBS1 00102ddc56708DSaBNPHUbBNPHUcHDd2011-06-14oBNPHU DS 928.61 G887rp27204-50r2020-06-25te.5w2020-06-25yLBS1 00102ddc51708PDaBNPHUbBNPHUcHDd2011-03-30oBNPHU PD 928.61 G887rp27204-10r2020-06-25w2020-06-25yLBS1zPerteneció a la biblioteca personal de Juan Isidro Jimenes Grullón. 00102ddc51708PDaBNPHUbBNPHUcHDd2011-03-30oBNPHU PD 928.61 G887rp27204-20r2020-06-25te.2w2020-06-25yLBS1zDedicado c26696d26696